Giáo trình phương pháp nghiên cứu khoa học trong kinh doanh

Gespeichert in:
Bibliographische Detailangaben
1. Verfasser:  Nguyễn, Đình Thọ
Format: Sách
Sprache:Undetermined
Veröffentlicht:  Tài chính  2014
Schlagworte:
Tags: Tag hinzufügen
Keine Tags, Fügen Sie den ersten Tag hinzu!
Thư viện lưu trữ: Trung tâm Thư viện - Trường Đại học Công nghiệp TP. Hồ Chí Minh
LEADER 00545nam a2200157Ia 4500
001 UIH_06630
008 231011s9999 xx 000 0 und d
082 |a  658.072 
100 |a  Nguyễn, Đình Thọ 
245 0 |a  Giáo trình phương pháp nghiên cứu khoa học trong kinh doanh 
245 0 |c  Nguyễn, Đình Thọ 
260 |b  Tài chính 
260 |c  2014 
650 |a  Kinh doanh; Kinh doanh;  
927 |a Sách 
980 |a Trung tâm Thư viện - Trường Đại học Công nghiệp TP. Hồ Chí Minh